[Event "Titled Tuesday intern op 06th Aug Early"]
[Site "Chess.com INT"]
[Date "2024.08.06"]
[Round "4"]
[White "Materia, Marco"]
[Black "Bagwe, Gaurang"]
[Result "1-0"]
[WhiteElo "2457"]
[BlackElo "2248"]
[PlyCount "57"]
[EventDate "2024.08.06"]
[EventType "swiss (blitz)"]
[EventRounds "11"]
[EventCountry "USA"]
[SourceTitle "EXT 2025"]
[Source "ChessBase"]
[SourceDate "2024.10.14"]
[SourceVersion "1"]
[SourceVersionDate "2024.10.14"]
[SourceQuality "1"]

1. Nf3 d5 2. b3 Nf6 3. Bb2 Bf5 4. d3 h6 5. Nbd2 c6 6. g3 e6 7. Bg2 Bh7 8. 0-0 Nbd7 9. Re1 Be7 10. e4 dxe4 11. dxe4 0-0 12. Qe2 Nc5 13. Rad1 Qc7 14. e5 Nd5 15. Nc4 Nb4 16. Nd4 Rad8 17. a3 Nd5 18. a4 Nb4 19. Rd2 Rd7 20. Red1 Rfd8 21. c3 Nbd3 22. Ba3 b5 23. axb5 cxb5 24. Nxb5 Qb8 25. Nd4 Nxb3 26. Nc6 Qb5 27. Nxe7+ Kh8 28. Nd6 Qa6 29. Nxf7# 1-0

[Event "Titled Tuesday intern op 30th Jul Early"]
[Site "Chess.com INT"]
[Date "2024.07.30"]
[Round "11"]
[White "Bagwe, Gaurang"]
[Black "Micic, Aleksa"]
[Result "1-0"]
[WhiteElo "2281"]
[BlackElo "2223"]
[PlyCount "77"]
[EventDate "2024.07.30"]
[EventType "swiss (blitz)"]
[EventRounds "11"]
[EventCountry "USA"]
[SourceTitle "EXT 2025"]
[Source "ChessBase"]
[SourceDate "2024.10.14"]
[SourceVersion "1"]
[SourceVersionDate "2024.10.14"]
[SourceQuality "1"]

1. e4 c5 2. Nf3 d6 3. d4 cxd4 4. Nxd4 Nf6 5. Nc3 g6 6. Be3 Bg7 7. f3 0-0 8. Qd2 Nc6 9. Bc4 Nxd4 10. Bxd4 Be6 11. Nd5 Bxd5 12. exd5 Rc8 13. Bb3 b5 14. 0-0 a5 15. a4 b4 16. Rae1 Re8 17. Re2 Nd7 18. Rfe1 Bxd4+ 19. Qxd4 Nc5 20. h4 Rc7 21. h5 Qb8 22. h6 f6 23. Qxf6 e5 24. dxe6 Rce7 25. Qf7+ Kh8 26. Qf6+ Kg8 27. Bd5 Qb6 28. Kh1 Nxa4 29. Be4 Nc5 30. Bxg6 hxg6 31. Qxg6+ Kh8 32. f4 d5 33. f5 Ne4 34. Rxe4 dxe4 35. Rxe4 Qc7 36. Rg4 a4 37. Qf6+ Rg7 38. Rxg7 Qd8 39. Rh7+ 1-0

[Event "Titled Tuesday intern op 30th Jul Early"]
[Site "Chess.com INT"]
[Date "2024.07.30"]
[Round "5"]
[White "Begunov, Konstantin"]
[Black "Bagwe, Gaurang"]
[Result "1/2-1/2"]
[WhiteElo "2325"]
[BlackElo "2281"]
[PlyCount "177"]
[EventDate "2024.07.30"]
[EventType "swiss (blitz)"]
[EventRounds "11"]
[EventCountry "USA"]
[SourceTitle "EXT 2025"]
[Source "ChessBase"]
[SourceDate "2024.10.14"]
[SourceVersion "1"]
[SourceVersionDate "2024.10.14"]
[SourceQuality "1"]

1. d4 Nf6 2. c4 e6 3. Nf3 d5 4. cxd5 exd5 5. Nc3 c6 6. Bg5 Be7 7. Qc2 Nh5 8. Bxe7 Qxe7 9. Nxd5 Qd8 10. Nc3 0-0 11. e3 g6 12. Be2 Re8 13. 0-0 Nd7 14. d5 Ndf6 15. dxc6 bxc6 16. Rfd1 Qe7 17. Rd4 Ng7 18. Rad1 c5 19. Nd5 Qd6 20. Nxf6+ Qxf6 21. Qxc5 Bf5 22. Qd6 Ne6 23. R4d2 Rad8 24. Qe5 Qe7 25. Rxd8 Rxd8 26. Rxd8+ Qxd8 27. Qc3 h5 28. h3 Be4 29. Nd4 Bd5 30. Nxe6 Bxe6 31. Bc4 Qd1+ 32. Kh2 Qd6+ 33. g3 Bxc4 34. Qxc4 Qf6 35. Qc2 h4 36. g4 Qe5+ 37. Kg1 Qd5 38. b3 Qe5 39. Qc8+ Kg7 40. Qc2 Qa1+ 41. Kg2 Kg8 42. Qd2 a6 43. Qd8+ Kh7 44. Qxh4+ Kg8 45. Qg3 Qxa2 46. Qb8+ Kg7 47. Qb7 a5 48. Qd5 Kg8 49. Qd4 Qa3 50. Qc4 Qd6 51. f3 Qd2+ 52. Kg3 Qxe3 53. h4 Qe1+ 54. Kg2 Qxh4 55. Qc8+ Kg7 56. Qc3+ Qf6 57. Qxa5 Qb2+ 58. Kg3 Qxb3 59. Qe5+ Kh7 60. g5 Qc4 61. Qf6 Qd5 62. Kg4 Qc4+ 63. Kg3 Qc7+ 64. Kg4 Qd7+ 65. Kg3 Kg8 66. f4 Qd3+ 67. Kg4 Qe2+ 68. Kg3 Qe3+ 69. Kg4 Qg1+ 70. Kf3 Qh1+ 71. Kg3 Qd5 72. Kg4 Kf8 73. Kg3 Ke8 74. Qh8+ Kd7 75. Qf6 Qe6 76. Qxe6+ Kxe6 77. Kg4 Kd5 78. f5 Ke4 79. fxg6 fxg6 80. Kg3 Kf5 81. Kh4 Kf4 82. Kh3 Kf3 83. Kh4 Kf4 84. Kh3 Kxg5 85. Kg3 Kf5 86. Kf3 Kg5 87. Kg3 Kh5 88. Kh3 Kg5 89. Kg3 1/2-1/2

[Event "IND-ch U17 34th"]
[Site "Chandigarh"]
[Date "2024.07.23"]
[Round "11"]
[White "Arshpreet, Singh"]
[Black "Bagwe, Gaurang"]
[Result "0-1"]
[WhiteElo "1970"]
[BlackElo "2281"]
[PlyCount "122"]
[EventDate "2024.07.15"]
[EventType "swiss"]
[EventRounds "11"]
[EventCountry "IND"]
[SourceTitle "CBM 221 Extra"]
[Source "ChessBase"]
[SourceDate "2024.09.30"]
[SourceVersion "1"]
[SourceVersionDate "2024.09.30"]
[SourceQuality "1"]

1. e4 c5 2. c3 Nf6 3. e5 Nd5 4. Bc4 Nb6 5. Bb3 c4 6. Bc2 d6 7. Nf3 dxe5 8. Nxe5 Qd5 9. Qe2 f6 10. Nf3 Qe6 11. Qxe6 Bxe6 12. b3 Nc6 13. d3 cxd3 14. Bxd3 0-0-0 15. Be2 Bf5 16. 0-0 e5 17. Be3 Nd5 18. Bd2 g5 19. g3 Be7 20. c4 Ndb4 21. a3 Nc2 22. Ra2 e4 23. Ne1 N2d4 24. Be3 Bh3 25. Ng2 Nf3+ 26. Kh1 f5 27. Nc3 h5 28. Rb1 h4 29. Bxf3 exf3 30. Ne1 f4 31. gxf4 gxf4 32. Bxf4 Rhg8 33. Rd2 Rdf8 34. Nd5 Rg4 35. Nd3 Rfg8 36. Ne3 R4g6 37. b4 Bf6 38. Bd6 Bc3 39. Rc2 Bg2+ 40. Nxg2 fxg2+ 41. Kg1 Nd4 42. Bg3 hxg3 43. hxg3 Nxc2 44. Rc1 Nd4 45. Nf4 Rg4 46. Rxc3 Rxf4 47. Kxg2 Rf7 48. Rd3 Ne6 49. Rd2 Rd7 50. Rc2 Rgd8 51. Re2 Re8 52. Kh2 Rde7 53. Re5 Nc7 54. Rf5 Re5 55. Rf7 R5e7 56. Rf5 b6 57. f4 Ne6 58. g4 Nd4 59. Rd5 Rh8+ 60. Kg2 Re2+ 61. Kf1 Rh1# 0-1

[Event "IND-ch U17 34th"]
[Site "Chandigarh"]
[Date "2024.07.20"]
[Round "8"]
[White "Bagwe, Gaurang"]
[Black "Alluri, Bhaskara Ratna Shan"]
[Result "1-0"]
[WhiteElo "2281"]
[BlackElo "1890"]
[PlyCount "67"]
[EventDate "2024.07.15"]
[EventType "swiss"]
[EventRounds "11"]
[EventCountry "IND"]
[SourceTitle "CBM 221 Extra"]
[Source "ChessBase"]
[SourceDate "2024.09.30"]
[SourceVersion "1"]
[SourceVersionDate "2024.09.30"]
[SourceQuality "1"]

1. d4 Nf6 2. Nf3 c5 3. c4 cxd4 4. Nxd4 Nc6 5. Nc3 d6 6. e4 g6 7. Be2 Nxd4 8. Qxd4 Bg7 9. Be3 0-0 10. Qd1 Be6 11. 0-0 Qa5 12. Rc1 Rfc8 13. b3 a6 14. a4 Nd7 15. Nd5 Bxd5 16. exd5 Nc5 17. Bd2 Qb6 18. b4 Ne4 19. a5 Qd4 20. Be3 Qe5 21. f4 Qb2 22. Qc2 f5 23. Qxb2 Bxb2 24. Rc2 Bf6 25. Rfc1 Kf7 26. c5 e6 27. Bc4 e5 28. c6 exf4 29. cxb7 fxe3 30. bxc8Q Rxc8 31. Bxa6 Bd4 32. Be2 Nc3 33. Kf1 Rb8 34. Rxc3 1-0

[Event "IND-ch U17 34th"]
[Site "Chandigarh"]
[Date "2024.07.15"]
[Round "1"]
[White "Jess, Ruchandani"]
[Black "Bagwe, Gaurang"]
[Result "0-1"]
[WhiteElo "1661"]
[BlackElo "2281"]
[PlyCount "100"]
[EventDate "2024.07.15"]
[EventType "swiss"]
[EventRounds "11"]
[EventCountry "IND"]
[SourceTitle "CBM 221 Extra"]
[Source "ChessBase"]
[SourceDate "2024.09.30"]
[SourceVersion "1"]
[SourceVersionDate "2024.09.30"]
[SourceQuality "1"]

1. e4 e5 2. Nf3 Nc6 3. Bb5 a6 4. Ba4 Nf6 5. 0-0 b5 6. Bb3 Be7 7. Re1 0-0 8. a4 Bb7 9. d3 d6 10. c3 h6 11. Nbd2 Re8 12. Nf1 Bf8 13. h3 d5 14. Qe2 d4 15. Ng3 Na5 16. Bc2 c5 17. axb5 axb5 18. Bd2 Qb6 19. Qf1 dxc3 20. bxc3 b4 21. Ba4 Bc6 22. Bxc6 Nxc6 23. Rxa8 Rxa8 24. Rb1 Qa6 25. cxb4 cxb4 26. Rb3 Bc5 27. Qc1 Nd7 28. Nf5 Na5 29. Rb1 Qxd3 30. Bxh6 Qxe4 31. Nxg7 Ra6 32. Nh5 Rxh6 33. Qg5+ Rg6 34. Qd8+ Nf8 35. Nf6+ Rxf6 36. Qxf6 Qxb1+ 37. Kh2 Qg6 38. Qd8 e4 39. Ne5 Bd6 40. Qxa5 Qf5 41. Kh1 Qxe5 42. Qxe5 Bxe5 43. g4 b3 44. g5 b2 45. g6 Nxg6 46. f4 b1Q+ 47. Kg2 Nxf4+ 48. Kf2 Qc2+ 49. Kg3 Qg2+ 50. Kh4 Bf6# 0-1

[Event "Titled Tuesday intern op 09th Jul Early"]
[Site "Chess.com INT"]
[Date "2024.07.09"]
[Round "10"]
[White "Bagwe, Gaurang"]
[Black "Daskevics, Vadims"]
[Result "0-1"]
[WhiteElo "2281"]
[BlackElo "2445"]
[PlyCount "94"]
[EventDate "2024.07.09"]
[EventType "swiss (blitz)"]
[EventRounds "11"]
[EventCountry "USA"]
[SourceTitle "EXT 2025"]
[Source "ChessBase"]
[SourceDate "2024.10.14"]
[SourceVersion "1"]
[SourceVersionDate "2024.10.14"]
[SourceQuality "1"]

1. e4 c5 2. Nf3 d6 3. d4 cxd4 4. Nxd4 Nf6 5. Nc3 a6 6. Be3 e5 7. Nf3 Be7 8. h3 0-0 9. Qd2 b5 10. a3 Bb7 11. Bd3 Nbd7 12. Nd5 Bxd5 13. exd5 Nxd5 14. Be4 Nxe3 15. Bxa8 Nxg2+ 16. Kf1 Qxa8 17. Kxg2 e4 18. Rhe1 exf3+ 19. Kh1 Ne5 20. Rad1 Qc6 21. c3 Qc4 22. Qd4 Qxd4 23. cxd4 Ng6 24. Re3 Bf6 25. Rxf3 Rc8 26. Rc3 Rxc3 27. bxc3 d5 28. a4 bxa4 29. Ra1 Bd8 30. Rxa4 a5 31. Ra3 Kf8 32. Rb3 Ke8 33. Rb5 Nf4 34. Rb7 Ne6 35. Kg2 Bc7 36. Kf3 Kd7 37. Ra7 Ng5+ 38. Ke3 Nxh3 39. Ra8 Ng5 40. Rg8 Ne6 41. Rh8 h6 42. Ra8 h5 43. Kd3 h4 44. c4 dxc4+ 45. Kxc4 h3 46. d5 Nd8 47. d6 Kxd6 0-1